[Event "C.to Regionale Lombardia Seniores"]
[Site "Robecchetto con Induno ITA"]
[Date "2011.12.29"]
[Round "4"]
[White "Madaschi, Sergio"]
[Black "Brioschi, Camillo"]
[WhiteElo "1612"]
[BlackElo "1816"]
[Result "0-1"]
[PlyCount "79"]
[EventDate "2011.12.27"]

1. d4 Nf6 2. Nf3 g6 3. c4 Bg7 4. Nc3 d5 5. cxd5 Nxd5 6. e4 Nxc3 7. bxc3 c5 8.
Bb2 O-O 9. Be2 Nc6 10. O-O Bg4 11. d5 Bxf3 12. Bxf3 Ne5 13. Be2 c4 14. Qa4 Qc7
15. Rad1 b5 16. Qc2 f5 17. exf5 Rxf5 18. Ba3 Rd8 19. Qd2 Nf7 20. Bf3 Nd6 21.
Rfe1 Re5 22. Rxe5 Bxe5 23. Re1 Nf5 24. g3 e6 25. Rd1 exd5 26. Bxd5+ Kg7 27. Qc2
Qa5 28. Bb4 Qb6 29. Be4 Nd6 30. Bg2 g5 31. Qe2 Nf7 32. Ba3 Bxc3 33. Rxd8 Qxd8
34. Bc1 Qd3 35. Bf1 Qxe2 36. Bxe2 Ne5 37. Kf1 Kf6 38. f4 Nd3 39. Be3 b4 40.
Bxa7 0-1

[Event "C.to Regionale Lombardia Seniores"]
[Site "Robecchetto con Induno ITA"]
[Date "2011.12.29"]
[Round "4"]
[White "Maffeo, Mauro"]
[Black "Sala, Gianni"]
[WhiteElo "1735"]
[BlackElo "1735"]
[Result "1/2-1/2"]
[PlyCount "63"]
[EventDate "2011.12.27"]

1. d4 Nf6 2. Nf3 e6 3. e3 c5 4. Bd3 d5 5. b3 Bd6 6. O-O Nbd7 7. Bb2 Qc7 8. Nbd2
e5 9. dxe5 Nxe5 10. Rc1 Bg4 11. Bxe5 Bxe5 12. h3 Bh5 13. Bb5+ Kf8 14. Be2 Bd6
15. Nh4 Bxe2 16. Qxe2 g6 17. Nhf3 Kg7 18. c4 Rhe8 19. cxd5 Nxd5 20. Nc4 Be7 21.
Rfd1 Rad8 22. Nh2 Bf6 23. Qf3 Nb4 24. Ng4 Re6 25. Rxd8 Bxd8 26. a3 Nc6 27. Rd1
h5 28. Nh2 Bf6 29. g4 Ne5 30. Qg2 Nxc4 31. bxc4 hxg4 32. Nxg4 1/2-1/2

[Event "C.to Regionale Lombardia Seniores"]
[Site "Robecchetto con Induno ITA"]
[Date "2011.12.29"]
[Round "4"]
[White "Marchesotti, Giovanni"]
[Black "Macchiettini, Pierangelo"]
[WhiteElo "1597"]
[BlackElo "1756"]
[Result "1/2-1/2"]
[PlyCount "37"]
[EventDate "2011.12.27"]

1. b3 Nf6 2. Bb2 e6 3. c4 Be7 4. e3 b6 5. Nf3 Bb7 6. Be2 O-O 7. O-O d5 8. d4
Nbd7 9. Nc3 Ne4 10. Nxe4 dxe4 11. Nd2 Nf6 12. Qc2 c5 13. Rad1 Qc7 14. dxc5 Qxc5
15. Bd4 Qc6 16. f3 exf3 17. Bxf3 Qc7 18. Bxb7 Qxb7 19. Qb2 1/2-1/2

[Event "C.to Regionale Lombardia Seniores"]
[Site "Robecchetto con Induno ITA"]
[Date "2011.12.28"]
[Round "4"]
[White "Puricelli, Giancarlo"]
[Black "Recanatini, Italo"]
[WhiteElo "1586"]
[BlackElo "1918"]
[Result "0-1"]
[PlyCount "42"]
[EventDate "2011.12.27"]

1. d4 d5 2. Nf3 c6 3. e3 Bg4 4. Be2 Nd7 5. Nbd2 e6 6. Ne5 Bxe2 7. Qxe2 Nxe5 8.
dxe5 Bb4 9. c3 Ba5 10. O-O Ne7 11. Nb3 Bb6 12. a4 a6 13. Nd4 c5 14. Nc2 O-O 15.
b4 Qc7 16. f4 cxb4 17. cxb4 Rac8 18. Nd4 Bxd4 19. exd4 Qc4 20. Qe3 Nf5 21. Qh3
Qxd4+ 0-1

[Event "C.to Regionale Lombardia Seniores"]
[Site "Robecchetto con Induno ITA"]
[Date "2011.12.29"]
[Round "4"]
[White "Tamassia, Gabriele"]
[Black "Torretta, Gilberto"]
[WhiteElo "1733"]
[BlackElo "1668"]
[Result "0-1"]
[PlyCount "78"]
[EventDate "2011.12.27"]

1. c4 Nf6 2. Nc3 g6 3. g3 Bg7 4. Bg2 O-O 5. d3 c6 6. e4 d6 7. Nge2 e5 8. O-O
Bg4 9. f3 Be6 10. Be3 Nbd7 11. b4 Nh5 12. g4 Nf4 13. Qd2 g5 14. Ng3 Nf6 15. Nf5
Bxf5 16. exf5 d5 17. Bxf4 exf4 18. c5 d4 19. Ne4 Nd5 20. Rfe1 Be5 21. Nxg5 Ne3
22. Ne4 f6 23. Rac1 Rf7 24. Nd6 Bxd6 25. cxd6 Qxd6 26. a3 h5 27. h3 Rh7 28.
Qa2+ Kg7 29. Qf2 Rah8 30. Rc2 hxg4 31. fxg4 f3 32. Rxe3 dxe3 33. Qxf3 Qxd3 34.
Re2 Re8 35. b5 Qb1+ 36. Bf1 Qxb5 37. Rxe3 Qc5 38. Kf2 Kf8 39. Qe2 Rhe7 0-1

[Event "C.to Regionale Lombardia Seniores"]
[Site "Robecchetto con Induno ITA"]
[Date "2011.12.29"]
[Round "5"]
[White "Buzio, Alberto"]
[Black "Di Chiara, Emanuele"]
[WhiteElo "1855"]
[BlackElo "1584"]
[Result "1-0"]
[PlyCount "49"]
[EventDate "2011.12.27"]

1. e4 d6 2. d4 Nf6 3. Nc3 g6 4. Bc4 c6 5. f3 Bg7 6. Be3 O-O 7. Qd2 b5 8. Bb3
Re8 9. h4 h5 10. Nh3 Bxh3 11. Rxh3 Kh7 12. O-O-O e6 13. Bg5 Nbd7 14. g4 Qc7 15.
gxh5 Nxh5 16. Ne2 d5 17. Kb1 c5 18. dxc5 Nxc5 19. exd5 Nxb3 20. axb3 exd5 21.
Nf4 Qe5 22. Nd3 Qe2 23. Qxe2 Rxe2 24. Nf4 Nxf4 25. Bxf4 1-0

[Event "C.to Regionale Lombardia Seniores"]
[Site "Robecchetto con Induno ITA"]
[Date "2011.12.29"]
[Round "5"]
[White "Cillo, Angelo"]
[Black "Maffeo, Mauro"]
[WhiteElo "1790"]
[BlackElo "1735"]
[Result "1-0"]
[PlyCount "54"]
[EventDate "2011.12.27"]

1. d4 e6 2. e3 d5 3. Bd3 f5 4. Nf3 Nf6 5. O-O Bd6 6. Nbd2 O-O 7. b3 Bd7 8. Bb2
Be8 9. c4 c6 10. cxd5 cxd5 11. Rc1 Bh5 12. Be2 Nc6 13. Ng5 Bxe2 14. Qxe2 Qe7
15. f4 h6 16. Ngf3 Ne4 17. Ne5 Bxe5 18. fxe5 Qg5 19. Ba3 Rf7 20. Nxe4 dxe4 21.
Rc3 f4 22. Qf2 f3 23. Qg3 Qh5 24. gxf3 exf3 25. Rc2 Rf5 26. Rcf2 b5 27. Bd6 b4
1-0

[Event "C.to Regionale Lombardia Seniores"]
[Site "Robecchetto con Induno ITA"]
[Date "2011.12.29"]
[Round "5"]
[White "Macchiettini, Pierangelo"]
[Black "Ferri, Antonio"]
[WhiteElo "1756"]
[BlackElo "1449"]
[Result "1-0"]
[PlyCount "23"]
[EventDate "2011.12.27"]

1. d4 d5 2. Nf3 Nf6 3. c4 c6 4. e3 e6 5. a3 Be7 6. Nc3 Nbd7 7. Bd3 dxc4 8. Bxc4
O-O 9. O-O Nd5 10. Qc2 N7f6 11. Ne2 Bd6 12. e4 1-0

[Event "C.to Regionale Lombardia Seniores"]
[Site "Robecchetto con Induno ITA"]
[Date "2011.12.29"]
[Round "5"]
[White "Ossoli, Giuseppe"]
[Black "Brioschi, Camillo"]
[WhiteElo "1452"]
[BlackElo "1816"]
[Result "0-1"]
[PlyCount "53"]
[EventDate "2011.12.27"]

1. e4 e5 2. f4 Bc5 3. Nf3 d6 4. Nc3 Nc6 5. Na4 Bb6 6. Nxb6 axb6 7. a3 Nf6 8. d3
O-O 9. f5 d5 10. Qe2 dxe4 11. dxe4 Ra4 12. Bd2 Rxe4 13. Be3 Ng4 14. Qd3 Rxe3+
15. Qxe3 Nxe3 16. Bd3 Bxf5 17. Bxf5 Nxf5 18. O-O Nfd4 19. Rad1 Qe7 20. Rd2
Nxf3+ 21. Rxf3 Rd8 22. Re2 Qc5+ 23. Kf1 Nd4 24. Rc3 Nxe2 25. Rxc5 bxc5 26. Kxe2
f5 27. h4 0-1

[Event "C.to Regionale Lombardia Seniores"]
[Site "Robecchetto con Induno ITA"]
[Date "2011.12.29"]
[Round "5"]
[White "Pagnoncelli, Gianpietro"]
[Black "Marchesotti, Giovanni"]
[WhiteElo "1523"]
[BlackElo "1597"]
[Result "1/2-1/2"]
[PlyCount "67"]
[EventDate "2011.12.27"]

1. e4 c5 2. Nf3 e6 3. Nc3 a6 4. d4 cxd4 5. Nxd4 Qc7 6. Nf3 Nc6 7. Bd3 g6 8. Bd2
Bg7 9. Rb1 Nge7 10. Qc1 h5 11. Bf4 d6 12. Qd2 Bd7 13. h3 O-O-O 14. Ne2 e5 15.
Be3 d5 16. exd5 Nxd5 17. Qc1 f5 18. Ng5 Rhf8 19. h4 Nxe3 20. Qxe3 Bh6 21. O-O
f4 22. Qc1 Bxg5 23. hxg5 Bf5 24. Bxf5+ Rxf5 25. Nc3 Nd4 26. Re1 Rxg5 27. Kh1
Rf5 28. Ne2 Nxe2 29. Rxe2 f3 30. gxf3 Rxf3 31. Qg5 Qc6 32. Kh2 Rf5 33. Qg3 Rf3
34. Qg5 1/2-1/2

[Event "C.to Regionale Lombardia Seniores"]
[Site "Robecchetto con Induno ITA"]
[Date "2011.12.29"]
[Round "5"]
[White "Sala, Gianni"]
[Black "Recanatini, Italo"]
[WhiteElo "1735"]
[BlackElo "1918"]
[Result "1-0"]
[PlyCount "84"]
[EventDate "2011.12.27"]

1. e4 d5 2. exd5 Qxd5 3. Nc3 Qa5 4. d4 c6 5. Nf3 Bg4 6. h3 Bxf3 7. Qxf3 e6 8.
Bd3 Nf6 9. O-O Bd6 10. Ne4 Nxe4 11. Bxe4 Nd7 12. c3 Nf6 13. Bc2 O-O 14. b4 Qc7
15. Bd2 Nd5 16. g3 Rfe8 17. a3 b5 18. Bd3 Rad8 19. Rac1 Nb6 20. c4 bxc4 21.
Bxc4 Be5 22. Bb5 Bxd4 23. Bxc6 Re7 24. Bf4 Be5 25. Be4 Qb8 26. Bxe5 Qxe5 27.
Rc5 Qb8 28. Rfc1 Red7 29. Qc3 g6 30. Qf6 Rd1+ 31. Kg2 Nd7 32. Qxd8+ Qxd8 33.
Rxd1 a5 34. Bc6 axb4 35. axb4 Qb6 36. Bxd7 Qxb4 37. Rdc1 Qe4+ 38. Kg1 h5 39.
Bc6 Qf5 40. Bg2 Kg7 41. h4 g5 42. hxg5 Qxg5 1-0

[Event "C.to Regionale Lombardia Seniores"]
[Site "Robecchetto con Induno ITA"]
[Date "2011.12.29"]
[Round "5"]
[White "Tamassia, Gabriele"]
[Black "Madaschi, Sergio"]
[WhiteElo "1733"]
[BlackElo "1612"]
[Result "1-0"]
[PlyCount "108"]
[EventDate "2011.12.27"]

1. d4 d5 2. Bf4 Bf5 3. Nf3 Nf6 4. e3 Nc6 5. c3 h6 6. h3 e6 7. Nbd2 Bd6 8. Ne5
Ne7 9. Ndf3 O-O 10. Bd3 Bxd3 11. Qxd3 Ne4 12. Nd2 Nxd2 13. Qxd2 f6 14. Nf3 Nc6
15. O-O Bxf4 16. exf4 Qd6 17. g3 Rad8 18. Rfe1 Rfe8 19. Re2 e5 20. dxe5 fxe5
21. fxe5 Nxe5 22. Nxe5 Rxe5 23. Rxe5 Qxe5 24. Re1 Qf5 25. Kg2 Rf8 26. Qe2 Kh8
27. Rd1 c6 28. Rd4 Qg6 29. Rg4 Re8 30. Qd2 Qe6 31. Qd4 Qe5 32. Qxa7 Qc7 33. Rf4
c5 34. Qa4 Rd8 35. Qc2 Re8 36. Qg6 Qe5 37. Qf7 b6 38. Qg6 b5 39. Qc6 d4 40. Qf3
dxc3 41. bxc3 Qe6 42. a4 bxa4 43. Rxa4 Qe5 44. Rf4 Kg8 45. Rf5 Qe7 46. Qd5+ Kh8
47. Qxc5 Qe4+ 48. Kh2 Kh7 49. Rf4 Qb1 50. Qf5+ Qxf5 51. Rxf5 Re2 52. Kg2 Rc2
53. Rc5 Kg6 54. h4 Kf6 1-0

[Event "C.to Regionale Lombardia Seniores"]
[Site "Robecchetto con Induno ITA"]
[Date "2011.12.29"]
[Round "5"]
[White "Torretta, Gilberto"]
[Black "Puricelli, Giancarlo"]
[WhiteElo "1668"]
[BlackElo "1586"]
[Result "0-1"]
[PlyCount "54"]
[EventDate "2011.12.27"]

1. e4 g6 2. d4 Bg7 3. Nc3 e5 4. Be3 d6 5. Nf3 Bg4 6. h3 Bxf3 7. Qxf3 exd4 8.
Bc4 Qd7 9. Nd5 dxe3 10. O-O exf2+ 11. Rxf2 Bd4 12. Ne3 Nf6 13. c3 Bxe3 14. Qxe3
Qe7 15. Raf1 Nbd7 16. Qg5 O-O 17. Rxf6 Nxf6 18. Rxf6 Qxe4 19. Bd5 Qe1+ 20. Rf1
Qe5 21. Qd2 c6 22. Bf3 Rae8 23. Kh1 d5 24. Qc2 Re7 25. Qb3 Rfe8 26. c4 Qg3 27.
cxd5 Re1 0-1

[Event "C.to Regionale Lombardia Seniores"]
[Site "Robecchetto con Induno ITA"]
[Date "2011.12.30"]
[Round "6"]
[White "Brioschi, Camillo"]
[Black "Sala, Gianni"]
[WhiteElo "1816"]
[BlackElo "1735"]
[Result "1-0"]
[PlyCount "67"]
[EventDate "2011.12.27"]

1. d4 Nf6 2. c4 e5 3. dxe5 Ng4 4. Bf4 Nc6 5. Nf3 Bb4+ 6. Nbd2 Qe7 7. a3 Bxd2+
8. Qxd2 Ncxe5 9. Nxe5 Nxe5 10. e3 O-O 11. Be2 d6 12. O-O b6 13. Rac1 Bb7 14. b4
Rfd8 15. Qc3 a5 16. c5 axb4 17. axb4 bxc5 18. bxc5 Ba6 19. Rfe1 Bxe2 20. Rxe2
Qe6 21. h3 f6 22. cxd6 cxd6 23. Qd4 Rac8 24. Rec2 Rxc2 25. Rxc2 Kf7 26. Bxe5
fxe5 27. Qh4 Qe7 28. Qxh7 Rb8 29. Rc4 Qf6 30. Rc7+ Ke6 31. Rxg7 Rb1+ 32. Kh2
Kd5 33. Qd3+ Kc5 34. Rc7+ 1-0

[Event "C.to Regionale Lombardia Seniores"]
[Site "Robecchetto con Induno ITA"]
[Date "2011.12.30"]
[Round "6"]
[White "Cillo, Angelo"]
[Black "Buzio, Alberto"]
[WhiteElo "1790"]
[BlackElo "1855"]
[Result "0-1"]
[PlyCount "46"]
[EventDate "2011.12.27"]

1. e4 c5 2. Nf3 a6 3. c4 Nc6 4. d4 cxd4 5. Nxd4 e5 6. Nf5 d5 7. cxd5 Bxf5 8.
exf5 Nd4 9. Bd3 Qxd5 10. O-O Nf6 11. Nc3 Qd7 12. Re1 Nc6 13. Qe2 Bb4 14. a3
Bxc3 15. bxc3 O-O 16. g4 Nd5 17. c4 Nd4 18. Qe4 Nf6 19. Qg2 Nb3 20. g5 Nh5 21.
Rd1 Nxa1 22. Be2 Qc6 23. Bf3 Qxc4 0-1

[Event "C.to Regionale Lombardia Seniores"]
[Site "Robecchetto con Induno ITA"]
[Date "2011.12.30"]
[Round "6"]
[White "Ferri, Antonio"]
[Black "Pagnoncelli, Gianpietro"]
[WhiteElo "1449"]
[BlackElo "1523"]
[Result "1-0"]
[PlyCount "22"]
[EventDate "2011.12.27"]

1. d4 d5 2. c4 c6 3. Nc3 Nf6 4. Nf3 Bf5 5. e3 Nbd7 6. cxd5 Nxd5 7. Nxd5 cxd5 8.
Be2 Nb6 9. O-O e6 10. Bb5+ Nd7 11. Ne5 a6 1-0

[Event "C.to Regionale Lombardia Seniores"]
[Site "Robecchetto con Induno ITA"]
[Date "2011.12.30"]
[Round "6"]
[White "Macchiettini, Pierangelo"]
[Black "Tamassia, Gabriele"]
[WhiteElo "1756"]
[BlackElo "1733"]
[Result "1/2-1/2"]
[PlyCount "27"]
[EventDate "2011.12.27"]

1. d4 Nf6 2. c4 d6 3. Nc3 Nbd7 4. e4 c6 5. Nf3 e5 6. Be2 Be7 7. O-O O-O 8. Qc2
a6 9. h3 Qc7 10. Be3 Re8 11. Rfd1 Bf8 12. Rac1 c5 13. dxc5 Nxc5 14. Nd5 1/2-1/2

[Event "C.to Regionale Lombardia Seniores"]
[Site "Robecchetto con Induno ITA"]
[Date "2011.12.30"]
[Round "6"]
[White "Madaschi, Sergio"]
[Black "Di Chiara, Emanuele"]
[WhiteElo "1612"]
[BlackElo "1584"]
[Result "0-1"]
[PlyCount "55"]
[EventDate "2011.12.27"]

1. d4 d6 2. e4 Nf6 3. Nc3 g6 4. f4 Bg7 5. Nf3 c6 6. Be2 O-O 7. O-O b5 8. a3 a5
9. Kh1 Ba6 10. e5 Ne8 11. Be3 a4 12. Qd2 d5 13. Ne1 f5 14. Nd3 e6 15. Nc5 Bc8
16. g4 Na6 17. Nd3 fxg4 18. Bxg4 Qh4 19. Qg2 h5 20. Be2 Qe7 21. Rg1 b4 22. axb4
Nxb4 23. Nxb4 Qxb4 24. Qxg6 a3 25. Nb1 Qxb2 26. Nd2 a2 27. Bd3 Qb7 28. Qh7+ 0-1

[Event "C.to Regionale Lombardia Seniores"]
[Site "Robecchetto con Induno ITA"]
[Date "2011.12.30"]
[Round "6"]
[White "Marchesotti, Giovanni"]
[Black "Torretta, Gilberto"]
[WhiteElo "1597"]
[BlackElo "1668"]
[Result "0-1"]
[PlyCount "60"]
[EventDate "2011.12.27"]

1. b3 d5 2. Bb2 Nc6 3. f4 Nf6 4. Nf3 Bf5 5. e3 Nb4 6. Nd4 Bg4 7. Be2 Bxe2 8.
Nxe2 c5 9. a3 Nc6 10. O-O Qd6 11. Bxf6 Qxf6 12. Nbc3 O-O-O 13. d4 e6 14. Na4
cxd4 15. Nxd4 Nxd4 16. Qxd4 Qxd4 17. exd4 b6 18. Nb2 Kb7 19. Nd3 Rc8 20. Rfc1
Bd6 21. c4 dxc4 22. bxc4 Rc7 23. c5 Be7 24. cxb6 Rxc1+ 25. Rxc1 axb6 26. a4 Bf6
27. Ne5 Bxe5 28. dxe5 Rc8 29. Rxc8 Kxc8 30. Kf2 Kb7 0-1

[Event "C.to Regionale Lombardia Seniores"]
[Site "Robecchetto con Induno ITA"]
[Date "2011.12.30"]
[Round "6"]
[White "Puricelli, Giancarlo"]
[Black "Maffeo, Mauro"]
[WhiteElo "1586"]
[BlackElo "1735"]
[Result "1-0"]
[PlyCount "38"]
[EventDate "2011.12.27"]

1. d4 e6 2. Nf3 d5 3. e3 f5 4. c3 Nf6 5. Bd3 Bd6 6. Nbd2 O-O 7. c4 c6 8. c5 Bc7
9. b4 Ne4 10. Bxe4 fxe4 11. Ne5 Nd7 12. Bb2 Qf6 13. f4 Nxe5 14. dxe5 Qg6 15.
Qe2 b6 16. Bd4 bxc5 17. bxc5 a5 18. Qf2 Ba6 19. Qg3 Qxg3+ 1-0

[Event "C.to Regionale Lombardia Seniores"]
[Site "Robecchetto con Induno ITA"]
[Date "2011.12.30"]
[Round "6"]
[White "Recanatini, Italo"]
[Black "Ossoli, Giuseppe"]
[WhiteElo "1918"]
[BlackElo "1452"]
[Result "1-0"]
[PlyCount "45"]
[EventDate "2011.12.27"]

1. e4 e6 2. d4 d5 3. exd5 exd5 4. Bd3 Nf6 5. Bg5 Be7 6. Nf3 Be6 7. Nbd2 Nbd7 8.
c3 c6 9. Qc2 g6 10. h3 a6 11. Qb3 b5 12. Bh6 Bf8 13. Bxf8 Nxf8 14. Qc2 h6 15.
Nb3 N8d7 16. O-O O-O 17. Rfe1 Kg7 18. Bxg6 fxg6 19. Rxe6 Rc8 20. Ne5 Ne4 21. f3
Nxe5 22. fxe4 Qg5 23. Rxe5 1-0